Geography Quiz

Random Geography or City Quiz

Cities Sorting Gallery II Quiz Stats

 Plays Quiz Updated Jun 26, 2017

Support Sporcle.
Go Orange.
Score 0/55 Timer 07:00
7 Plays Today
% Correct
Beijing
97.7%
Xi'an
96.5%
Shanghai
96.1%
Guangzhou
93.8%
Chihuahua
92.8%
Moscow
92.3%
Guadalajara
92.3%
Shenzhen
92.3%
Hong Kong
92.1%
Chengdu
92%
Saint Petersburg
91.7%
Cairo
91.7%
Tijuana
91.6%
Cape Town
91.4%
Wuhan
91.4%
Johannesburg
90.3%
Tianjin
89.9%
Wuxi
89.8%
Novosibirsk
89.5%
Auckland
89.4%
Bern
88.9%
Puebla
88.1%
Budapest
87.8%
Wellington
87.1%
Geneva
86.7%
Zurich
86.6%
Nizhny Novgorod
85.8%
Alexandria
83.9%
% Correct
Pretoria
83.9%
Christchurch
83.7%
Omsk
81%
Rostov-on-Don
78.9%
Yekaterinburg
78%
Lucerne
77.8%
Ecatepec
77.5%
Basel
76.2%
Bloemfontein
75.9%
Monterrey
75.2%
Luxor
73.8%
Lausanne
71.7%
Durban
68.4%
Nezahualcóyotl
68.1%
Georgetown
64.7%
Zapopan
64.1%
León
61.3%
Miskolc
56.6%
Port Said
55.2%
Debrecen
52.9%
Dunedin
51.9%
Almaty
50.3%
New Amsterdam
39.2%
Tauranga
37.3%
Katlehong
35.5%
Tembisa
31%
Samara
30.2%

From the Vault

Friends-ified Country Names

by NO_r_WAY

Could it BE that Country?
Remove Ads.
Support Sporcle.
Get the best of Sporcle when you Go Orange. This ad-free experience offers more features, more stats, and more fun while also helping to support Sporcle. Thank you for becoming a member.

Show Comments

Extras

Top Quizzes Today


Score Distribution

Your Account Isn't Verified!

In order to create a playlist on Sporcle, you need to verify the email address you used during registration. Go to your Sporcle Settings to finish the process.

Report this User

Report this user for behavior that violates our Community Guidelines.

Details: